North America country scramble Quiz Stats

 Plays Quiz not verified by Sporcle

Score 0/20 Timer 02:00
0 Plays Today
Scramble Country % Correct
A N D A C ACanada
98.4%
U A C BCuba
96.8%
I C A M A J AJamaica
96.8%
X I E C O MMexico
96.3%
I H I A THaiti
94.2%
O M I N I D C ADominica
92.1%
E Z I L E BBelize
91.6%
O M I N I D C N A P E C U R B I LDominican Republic
88.4%
A N A P M APanama
87.9%
H M S A A B ABahamas
86.8%
Scramble Country % Correct
L E A L V A D O R SEl Salvador
84.7%
B D O S A R A BBarbados
83.2%
O S D U R A H NHonduras
81.6%
O S T C A I C R ACosta Rica
80%
A A M E L A G U TGuatemala
78.4%
T I D I R N A D N A D O B A T GTrinidad and Tobago
77.9%
D E I T N U S S T T A EUnited States
74.2%
I N T S A U L C I ASaint Lucia
68.9%
A G U A I N R A CNicaragua
65.8%
I N T S A I T T S K N A D V I S N ESaint Kitts and Nevis
62.1%

You're not logged in!

Compare scores with friends on all Sporcle quizzes.
OR
Log In

Show Comments

Extras

Top Quizzes Today


Score Distribution

Your Account Isn't Verified!

In order to create a playlist on Sporcle, you need to verify the email address you used during registration. Go to your Sporcle Settings to finish the process.

Report this User

Report this user for behavior that violates our Community Guidelines.

Details: